Fiscal sustainability the case of Eritrea /

Bibliographic Details
Main Author: Yamauchi, Ayumu.
Corporate Authors: International Monetary Fund. African Dept., ProQuest (Firm)
Format: Electronic eBook
Language:English
Published: Washington, D.C. : International Monetary Fund, African Dept., c2004.
Series:IMF working paper ; WP/04/7.
Subjects:
Online Access:Click to View
LEADER 01390nam a2200361Ia 4500
001 EBC3012523
003 MiAaPQ
005 20200520144314.0
006 m o d |
007 cr cn|||||||||
008 040323s2004 dcua sb i000 0 eng d
035 |a (MiAaPQ)EBC3012523 
035 |a (Au-PeEL)EBL3012523 
035 |a (CaPaEBR)ebr10302924 
035 |a (OCoLC)703776081 
040 |a MiAaPQ  |c MiAaPQ  |d MiAaPQ 
050 4 |a HJ1459  |b .Y36 2004 
100 1 |a Yamauchi, Ayumu. 
245 1 0 |a Fiscal sustainability  |h [electronic resource] :  |b the case of Eritrea /  |c Ayumu Yamauchi. 
260 |a Washington, D.C. :  |b International Monetary Fund, African Dept.,  |c c2004. 
300 |a 28 p. :  |b ill. 
490 1 |a IMF working paper ;  |v WP/04/7 
504 |a Includes bibliographical references (p. 28). 
533 |a Electronic reproduction. Ann Arbor, MI : ProQuest, 2015. Available via World Wide Web. Access may be limited to ProQuest affiliated libraries. 
650 0 |a Fiscal policy  |z Eritrea. 
650 0 |a Debts, External  |z Eritrea. 
651 0 |a Eritrea  |x Economic policy. 
651 0 |a Eritrea  |x Economic conditions. 
655 4 |a Electronic books. 
710 2 |a International Monetary Fund.  |b African Dept. 
710 2 |a ProQuest (Firm) 
830 0 |a IMF working paper ;  |v WP/04/7. 
856 4 0 |u https://ebookcentral.proquest.com/lib/matrademy/detail.action?docID=3012523  |z Click to View